00587nam a2200169 4500001000700000003000900007005001700016007000300033008004100036100002700077245005000104260005700154300003300211852003200244999001900276952012200295133376ES-MaACL20230906194406.0t|070214s1972 sp r ||||1| spa d1 aRueda, Nieves.910051210aLuz b: poemas magdaleneros / cNieves Rueda. aCastellón : b[s. n.], c1972 (fGráf. Castalia) a103 p., 26 lám. ; c22 cm. aES-MaACLjC-45666 bR.81093 c133376d133376 00104070aATENEOMbATENEOMcDEPO2d2008-01-17eSCl0oC-45666p1138850r2023-02-23 00:00:00w2023-02-23yMONOGRAFIA